| 000 | 01926nam a2200289Ia 4500 | ||
|---|---|---|---|
| 999 |
_c38649 _d38649 |
||
| 001 | 4871 | ||
| 003 | GE_BSU | ||
| 005 | 20190806115210.0 | ||
| 008 | 181216s2011||||ge |||||||||||||| ||geo|| | ||
| 020 | _a9789941918681 | ||
| 040 | _cGE_BSU | ||
| 041 | _ageo | ||
| 080 | _a61(73-25)(035) ვ-25 | ||
| 245 |
_aვაშინგტონის სამედიცინო თერაპიული ცნობარი / _cსაქართველოს კარდიოლოგთა კოლეგია ; რედ. : დენ კუპერი და სხვ. ; პროექტის ავტორი და შემსრ. გიორგი კაჭარავა, ლევან ყურაშვილი, გიორგი რამიშვილი ; რედ. თამარ მელიქიძე |
||
| 264 |
_aთბილისი : _bსაუნჯე ; _c2011. |
||
| 300 |
_a926 გვ. ; _c20 სმ. |
||
| 541 | _h105ლ. | ||
| 653 | _aვაშინგტონის სამედიცინო თერაპიული ცნობარი | ||
| 653 | _aმედიცინა | ||
| 700 |
_aკაჭარავა, გიორგი _eპროექტის ავტორი და შემსრულებელი _93406 |
||
| 700 |
_aყურაშვილი, ლევან _eპროექტის ავტორი და შემსრულებელი _93407 |
||
| 700 |
_aრამიშვილი, გიორგი _eპროექტის ავტორი და შემსრულებელი _93408 |
||
| 700 |
_aკუპერი, დენ _eრედაქტორი _93409 |
||
| 700 |
_a მელიქიძე, თამარ _eრედაქტორი _93410 |
||
| 710 |
_aსაქართველოს კარდიოლოგთა კოლეგია _93411 |
||
| 942 |
_cBK _2udc |
||